| 000 | 00610nam a2200193 a 4500 | ||
|---|---|---|---|
| 001 | 000042556 | ||
| 005 | 20201002040231.0 | ||
| 008 | 140127s2009 sp a 000 0 spa d | ||
| 020 | _a9788497402781 | ||
| 040 |
_aDO-SdBNP _bspa _cBNPHU |
||
| 100 | 1 |
_aMuñoz Aguirre, Juan Manuel _d1959- _969802 |
|
| 245 | 1 | 3 |
_aUn Alma Aparte / _cJuan Manuel Muñoz Aguirre. |
| 260 |
_aMadrid, : _bCastalia, _c2009. |
||
| 300 |
_a348 p. : _bil. ; _c21 cm. |
||
| 490 | 1 | _aAlbatros | |
| 500 | _aIncluye datos biográficos del auto en la solapa de la cubierta | ||
| 586 | _aXI premio tiflos de novela | ||
| 830 | 0 |
_aAlbatros _969803 |
|
| 999 |
_c42045 _d42045 |
||